Culture Général - Musique Française - Statistiques

Statistiques générales
  • Ce quiz a été pris 714 fois
  • Le résultat moyen est 4 sur 20
Statistiques - réponses
Hint Réponse % Correct
Quel groupe de musique anglaise était dans le vent selon Claude François dans sa chanson "Cette année-là" ? Les Beatles
62%
Quel heure est-il au clocher de l'église dans "Les mots bleus" de Christophe ? 6 heure
53%
Quel âge a Dalida dans sa chanson "Il venait d'avoir 18 ans" ? 36 ans
52%
Comment Henri veut-il mourir dans la chanson "Le chanteur" de Daniel Balavoine ? Malheureux
41%
De qui Ben l'Oncle Soul n'a-t-il pas la carrure dans sa chanson "Soulman" ? King Kong
33%
Dans "La lettre", dans quelle région française Renan Luce rencontre-t-il sa petite blonde sexy ? La Normandie
25%
Dans "Comme toi" de Jean Jacques Goldman, où la petite fille devrait se marier ? Varsovie
19%
Quel est le signe astrologique de l'enfant de Phil Barney dans "Un enfant de toi" ? Verseau
17%
Dans "Africa", quelle partie du corps Rose Laurens s'est-elle fait peinte par le sorcier vaudou ? Le visage
16%
Combien de jours Axel Bauer a-t-il passé en mer dans sa chanson "Cargo de nuit" ? 35
13%
Dans "Vesoul", quelle ville Jacques Brel voulait voir mais n'a pas pu puisqu'ils ont revu Hambourg ? Anvers
13%
Dans "Le diner" de Benabar, quel film passe à la télé le soir de ce repas ? Le gendarme et les extraterrestres
13%
Dans "Pull Marine" de Isabelle Adjani, où est dechiré ce fameux pull ? Coude
11%
Dans "Je t'aime" de Lara Fabian, dans quel matériau est fait la maison dans laquelle Satan les regardait danser ? En pierre
9%
Dans "Requiem pour un fou" de Johnny Hallyday, il est l'heure de sonner un nom commun mais lequel ? L'hallali
9%
Dans "Hey Oh", depuis combien de temps le groupe Tragédie attend-t-il en bas de la fenêtre ? 2 heures
8%
Dans "La chanson des jumelles", que vendit la mère des demoiselles de Rochefort, toute sa vie ? Des frites
7%
Où peut-on trouver le soleil dans la chanson "Yalla" de Calogero ? Dans le coeur des enfants
5%
Dans "Et moi, et moi, et moi" de Jacques Dutronc, combien il y a-t-il de gens imparfaits ? 50 millions
4%
Quel est le nom du peuple de l'armée ennemie dans "La tribu de Dana" de Manau ? Les Cimmériens
3%
Aucun quiz correspondant
Distribution des résultats
% des personnes avec chaque résultat
Percentile par nombre de réponses
Votre historique - résultats
Vous n’avez pas pris ce quiz